Плазменная утилизация горючих отходов замкнутого ядерного топливного цикла; Современные техника и технологии; Т. 3

التفاصيل البيبلوغرافية
Parent link:Современные техника и технологии: сборник трудов XX международной научно-практической конференции студентов, аспирантов и молодых ученых, Томск, 14-18 апреля 2014 г./ Национальный исследовательский Томский политехнический университет (ТПУ).— , 2014
Т. 3.— 2014.— [С. 36-37]
المؤلف الرئيسي: Новосёлов И. Ю. Иван Юрьевич
مؤلف مشترك: Национальный исследовательский Томский политехнический университет
مؤلفون آخرون: Каренгин А. А. Алексей Александрович (научный руководитель), Ковалев А. В., Каренгин А. Г. Александр Григорьевич
الملخص:Заглавие с титульного экрана
اللغة:الروسية
منشور في: 2014
سلاسل:Физические методы в науке и технике
الموضوعات:
الوصول للمادة أونلاين:http://earchive.tpu.ru/handle/11683/20870
http://www.lib.tpu.ru/fulltext/c/2014/C01/V3/016.pdf
التنسيق: MixedMaterials الكتروني فصل الكتاب
KOHA link:https://koha.lib.tpu.ru/cgi-bin/koha/opac-detail.pl?biblionumber=607160

MARC

LEADER 00000naa2a2200000 4500
001 607160
005 20260320162835.0
035 |a (RuTPU)RU\TPU\conf\4541 
035 |a RU\TPU\conf\4540 
090 |a 607160 
100 |a 20140702d2014 k y0rusy50 ca 
101 0 |a rus 
102 |a RU 
135 |a drcn ---uucaa 
181 0 |a i  
182 0 |a b 
200 1 |a Плазменная утилизация горючих отходов замкнутого ядерного топливного цикла  |f И. Ю. Новосёлов, А. А. Каренгин, А. В. Ковалев  |g науч. рук. А. Г. Каренгин 
203 |a Текст  |c электронный 
225 1 |a Физические методы в науке и технике 
300 |a Заглавие с титульного экрана 
320 |a [Библиогр.: с. 37 (4 назв.)] 
337 |a Adobe Reader 
461 1 |0 (RuTPU)RU\TPU\conf\3687  |t Современные техника и технологии  |o сборник трудов XX международной научно-практической конференции студентов, аспирантов и молодых ученых, Томск, 14-18 апреля 2014 г.  |o в 3 т.  |f Национальный исследовательский Томский политехнический университет (ТПУ)   |d 2014 
463 1 |0 (RuTPU)RU\TPU\conf\3691  |t Т. 3  |v [С. 36-37]  |d 2014 
610 1 |a труды учёных ТПУ 
610 1 |a электронный ресурс 
610 1 |a плазменная утилизация 
610 1 |a горючие отходы 
610 1 |a ядерное топливо 
610 1 |a АЭС 
610 1 |a уран 
610 1 |a плутоний 
700 1 |a Новосёлов  |b И. Ю.  |c специалист в области ядерных технологий  |c инженер-исследователь Томского политехнического университета  |f 1989-  |g Иван Юрьевич  |3 (RuTPU)RU\TPU\pers\32434 
701 1 |a Каренгин  |b А. А.  |c физик  |c инженер-исследователь Томского политехнического университета  |f 1989-  |g Алексей Александрович  |3 (RuTPU)RU\TPU\pers\32973 
701 1 |a Ковалев  |b А. В. 
702 1 |a Каренгин  |b А. Г.  |c физик  |c доцент Томского политехнического университета, кандидат физико-математических наук  |f 1950-  |g Александр Григорьевич  |4 727  |9 10751 
712 0 2 |a Национальный исследовательский Томский политехнический университет  |c (2009- )  |9 26305 
801 2 |a RU  |b 63413507  |c 20210312  |g RCR 
850 |a 63413507 
856 4 |u http://earchive.tpu.ru/handle/11683/20870 
856 4 |u http://www.lib.tpu.ru/fulltext/c/2014/C01/V3/016.pdf 
942 |c CF